Máster en inversiones: la guía completa sobre inversiones

Uloženo v:
Podrobná bibliografie
Hlavní autor: Pickford, James (Autor)
Médium: Kniha
Jazyk:španělština
Vydáno: Barcelona Deusto 2004
Témata:
Tagy: Přidat tag
Žádné tagy, Buďte první, kdo vytvoří štítek k tomuto záznamu!

MARC

LEADER 00000nam a2200000 a 4500
001 UCG3043
003 CL-VaPUC
008 100805e20040000SP |||||||||||||||||spa|d
020 |a 8423422356 
082 0 4 |a 658.152  |b PIC  |2 21 
100 0 |a Pickford, James  |e author  |9 551827 
245 1 0 |a Máster en inversiones: la guía completa sobre inversiones 
300 |a 435 p 
942 |c BK 
945 |d 20100805 00:00:00  |a mfarfan 
260 |a Barcelona  |b Deusto  |c 2004 
650 0 |a Inversiones  |9 261520 
650 0 |a Administración financiera  |9 261146 
650 7 |a MERCADO FINANCIERO  |2 CL-VaPUC  |9 320731 
583 |a last modification  |c 20100805 00:00:00  |k Rodrigo Vera 
999 |c 342142  |d 342140 
952 |0 0  |1 0  |4 0  |6 658_152000000000000_PIC_2004  |7 0  |8 A  |9 438142  |a BIBGIM  |b BIBGIM  |d 2019-11-22  |i 4703456  |o 658.152 PIC 2004  |p 4703456  |r 2025-01-15  |w 2019-11-22  |y BK  |k COM